MARC

LEADER 00000nam0a2200000 4500
001 47136
005 20231031025643.0
035 |a (RuTPU)RU\TPU\book\49231 
090 |a 47136 
100 |a 20030204d1980 m y0rusy50 ca 
101 0 |a rus 
102 |a RU 
105 |a a j 001zy 
200 1 |a Петрография магматических и метаморфических пород  |e учебное пособие  |f Г. М. Заридзе 
210 |a Москва  |c Недра  |d 1980 
215 |a 424 с.  |c ил. 
320 |a Библиогр.: с. 413-418. 
610 1 |a петрография 
610 1 |a магматические породы 
610 1 |a метаморфические породы 
610 1 |a Земля 
610 1 |a строение 
610 1 |a горные породы 
610 1 |a эндогенные породы 
610 1 |a состав 
610 1 |a строение 
610 1 |a фации 
610 1 |a учебные пособия 
675 |a 552.3(075.8)  |v 3 
675 |a 552.4(075.8)  |v 3 
700 1 |a Заридзе  |b Г. М.  |g Георгий Михайлович 
801 1 |a RU  |b 63413507  |c 20030204  |g PSBO 
801 2 |a RU  |b 63413507  |c 20160530  |g PSBO 
942 |c BK